000 00834nam a2200217Ii 4500
003 JO-AjNU
008 230605s9999||||xx |||||||||||||| ||und||
017 _a1997/3/286
040 _aJO-AjNU
_bara
_erda
_cJO-AjNU
041 _aara
050 1 4 _aK840.A28.1997
100 3 _a العبودي ، عباس ,
_eauthor
_946590
245 0 0 _aالتعاقد عن طريق وسائل الإتصال الفوري وحجيتها في الإثبات المدني " دراسة مقارنة "
250 _a(د،ط)
264 3 1 _aعمان : مكتبة دار الثقافة ، 1997
300 _a341ص
336 _atext
_btxt
_2rdacontent
337 _aunmediated
_bn
_2rdamedia
338 _avolume
_bnc
_2rdacarrier
650 4 _aالعلوم الاجتماعية -- القانون الخاص -- العقود والتوكيلات
_946591
999 _aA20280
_c23848
_d23848